000 00708nam a2200253Ia 4500
003 GCL
008 140319s9999 xx 000 0 ara d
040 _aGCL /
_cGCL
082 0 4 _aق
_b928.162
_bر ا
100 1 _aرشيد الذوادى
245 1 0 _aادباء من مصر /
_cرشيد الذوادى
260 _a[S.N] :
_bمكتبة مدبولى ،
_c1995
300 _a135 ص
490 _a
650 0 4 _aمصر
650 0 4 _aتوفيق الحكيم
650 0 4 _aاحسان عبدالقدوس
650 0 4 _aالادباء
650 0 4 _aالحياة الثقافية
650 0 4 _aنجيب محفوظ
650 0 4 _aاحمد رامى
650 0 4 _aزكى مبارك
942 _2ddc
_cBK
999 _c37226
_d37226